Quizzes
Events
Quiz Creation
Community
Videos
Private Events
Remove Ads
Sign In
Join for FREE
Feedback
Dark Mode
Quiz Categories
Sports
Geography
Music
Movies
Television
Just For Fun
Miscellaneous
History
Literature
Language
Science
Gaming
Entertainment
Religion
Holiday
For Kids
Quiz Lab
Recent
Popular Today
Quiz Kudos Today
Editor Picks
Curator Picks
Quizzes by...
Day
Popularity
Type
Ratings
Length
Year
Community
Subscriptions
Recent Discussions
Orange Saloon
Badges
Playlists
Quests
Create
Leaderboards
Showdown
Live 5
Trivia Bingo
Activity
Puzzle Library
Sporcle Events
Private Events
Virtual Trivia
Globe League
Become a Host
Pub Owners
SporcleCon
Opinionation
Our Games
Videos
Blog
Mobile Apps
Partnerships
Remove Ads and Go Orange
Feedback
Television
TV Characters
TV Show
Sitcom
Network
Friends
Reality Shows
Cast
South Park
Star Trek
The Simpsons
Doctor Who
Television
TV Characters
TV Show
Sitcom
Network
Friends
Reality Shows
Cast
South Park
Star Trek
The Simpsons
Doctor Who
Random Quiz
Search Sporcle
×
Quiz Lab
Quiz Lab
Television
A Song of Ice and Fire
Type in answers that appear in a list
Type in answers that appear in a list
Classic
Best Score? Go Orange.
Game Of Thrones Season 5 Character Quotes Stats
Can you guess the Game Of Thrones Characters by what they said in season 5?
By
shippudennumba1
5m
35 Questions
579 Plays
579 Plays
579 Plays
Comments
Comments
Give Quiz Kudos
Give Quiz Kudos
-
- Ratings
hide this ad
Forced Order
Answers have to be entered in order
Answers have to be entered in order
Replay
Link that replays current quiz
Next Quiz
Link to next quiz in quiz playlist
You Got
0%
They Got
Avg Score
62%
Avg Friend Score
Upgrade to see
Score Distribution
Jump to the score distribution portion of the page
Score
0/35
Timer
05:00
0
Plays Today
Quote
Answer
% Correct
We can learn to live with the Wildlings, or we can add them to the army of the dead
Jon Snow
95.9%
They weren't Bran and Rickon!
Theon Greyjoy
89.5%
Stone men, don't let them touch you!
Jorah Mormont
88.1%
I'm not going to stop the wheel, i'm going to break the wheel
Daenerys Targaryen
86.9%
I am the gift
Tyrion Lannister
86.2%
I love Trystane, I'm going to marry him
Myrcella Baratheon
85.1%
There's no other way, she has King's blood
Stannis Baratheon
78.8%
You're losing all your friends Tarly
Alliser Thorne
78.1%
Who came to your aid? Stannis! Now he need you
Davos Seaworth
77.7%
I've tasted the Dornishman's wife
Bronn
77.5%
I am going to Dorne!
Jaime Lannister
76.7%
Give me 20 good men
Ramsay Bolton
74.1%
Don't worry Olly, he always comes back
Samwell Tarly
72.9%
You are no one
Arya Stark
72.2%
Look at my face, its the last thing you see before you die
Cersei Lannister
71.3%
We serve the Gods, and the Gods demand justice
High Sparrow
71.3%
Let me send her to Cersei, 1 finger at a time
Ellaria Sand
71.2%
GET OUT YOU HATEFUL B!TCH!
Margaery Tyrell
68.7%
Quote
Answer
% Correct
We do not mutilate little girls for vengeance
Doran Martell
66.7%
I believe men of talent have a part to play in the war to come
Varys
64.8%
Let me go while there is still some of me left
Sansa Stark
61.1%
I'm not the most beautiful woman you've ever seen?
Tyene Sand
58.4%
I fight for Dorne, who do you fight for?
Obara Sand
57.5%
There's power in you, you resist it and that's your mistake, embrace it
Melisandre
55.3%
I wanna do this, all day, everyday
Tommen Baratheon
52.2%
You disgraced yourself over dinner
Roose Bolton
49.6%
LET ME SEE MY FATHER!
Shireen Baratheon
42.3%
When you were whole, it would've been a good fight
Areo Hotah
40.9%
There's nothing more hateful, than failing to protect the one you love
Brienne Of Tarth
39.2%
I f*cking hate Thenns
Karsi
36.1%
Clean this city out, so that the rats have nowhere else to hide
Daario Naharis
29.4%
There's no justice in this world, not unless we make it
Petyr Baelish
29.2%
You slow, you've always been to slow
Nymeria Sand
23.1%
They'll never even find what's left of you
Olenna Tyrell
21.9%
All your books and you still don't know
Selyse Baratheon
21.9%
Quiz Playlist
Details
Report
Send in Message
Add To Playlist
Classic:
Type in answers that appear in a list
Forced Order:
Answers have to be entered in order
Last Updated: Feb 16, 2017
Quiz Scoreboard
CHALLENGE
Sign Up to Join the Scoreboard
Show All
Scores
Hide
Comments
May contain spoilers
Recently Published
Presidents Visiting Landmarks
by Hejman
History
7m
An Introduction to Baseball
by treessimontrees
Sports
5m
Movies - When Are They Set?
by FPL_Elf
Movies
5m
More to Explore
Quiz From the Vault
Featured Blog Post
Where Did the Easter Bunny Come From?
hide this ad
You Might Also Like...
Tags
A Song of Ice and Fire Quiz
Game of Thrones
George RR Martin
Season 5
Today's Top Quizzes in Television
Browse Television
hide this ad
Today's Top Quizzes in A Song of Ice and Fire
Browse A Song of Ice and Fire
Top Contributed Quizzes in Television
1
5-to-1: The Simpsons Families
2
One Piece Logic Puzzle
3
5-to-1: Television Doctors
4
7-to-1: TV Show Settings
5
5-to-1: Streaming Originals
6
Survivor Logic Puzzle: Heroes vs. Villains
7
Survivor Seasons
8
Survivor Season by Logo
9
One Thing in Common: Television
10
Survivor Trivia
Explore More
Trending Topics
Crossword
NBA
Anime
Kpop
Disney
Harry Potter
Marvel
Song
Puzzle
WWE
Pokémon
The Office
Country
Soccer
NFL
hide this ad
More By:
shippudennumba1
Quiz
Plays
Rating
Category
Featured
Created
The Vampire Diaries Name Chain Reaction
6,735
3.00
Television
Jan 24, 2015
Favorite TV Shows by Cast
4,386
1.84
Television
Sep 5, 2015
Fairy Tail characters
4,006
4.00
Entertainment
Nov 24, 2013
Guess the Naruto Character
2,497
Entertainment
Aug 24, 2013
Hunter X Hunter Characters
2,442
4.67
Television
Apr 9, 2015
Go to Creator's Profile
Score Distribution
Quiz Creator Spotlight
shippudennumba1
Follow
Send a Message
Quizzes Created
-
Created Quiz Play Count
-
More By This Creator
Popular Quizzes Today
1
Find the US States - No Outlines Minefield
2
Find the Countries of Europe - No Outlines Minefield
3
The Countries of the World
4
Find the US States
5
Popular People in 1961
6
US States
7
Risky Map Clicking: Biggest States A-Z
8
Movies - When Are They Set?
More Television Quizzes
TV/Book Mash-Ups by Plot
Published
Trending Quizzes
Risky Map Clicking: Least Populous States A-Z
1-10 Letter G Words
1-10 Letter F Words
Risky Map Clicking: Next State Alphabetically
Risky Map Clicking: Biggest States A-Z
Recently Updated
Leaping Animals
pecheneg
Reality TV Shows (A-Z)
bhenderson79
Rickey Henderson's Hall of Fame Teammates
pecheneg
Champions League XIs: Arsenal
pecheneg
Quick Pick: Celebrities in WWE's Hall of Fame
aduchscher
A-Z Keypad Blitz II
pecheneg
Multiple Oscar Actors
pecheneg
Mystery Phrase Blitz: Oscar 'Best Actors'
pecheneg
F. Scott Fitzgerald Novels
LTH
Pick 3 Villains
ddd62291
Trending Topics
Anime
NBA
Disney
Crossword
Harry Potter
Kpop
Marvel
Soccer
Song
The Office
Puzzle
WWE
Country
Pokémon
NFL
Your Account Isn't Verified!
In order to create a playlist on Sporcle, you need to verify the email address you used during registration. Go to your
Sporcle Settings
to finish the process.
Report this User
Report this user for behavior that violates our
Community Guidelines
.
Details:
Send Report
Go to the Sporcle.com Mobile Site →
Comments